000 01506cad a22002775a 4500
001 L145751
008 081105s2008 xxkad f s 000 0 eng d
020 _a9781842194430
035 _a(Sirsi) u145751
041 0 _aeng
050 0 4 _a333.337 $2 18
110 2 _aInvestment Property Databank
_92288
245 0 0 _aValuation and sale price report 2008
_h[electronic resource]
260 _aLondon
_bIPD
_c2008
505 2 _aExecutive Summary -- Introduction -- Methodology and measures -- European overview -- France -- Germany -- Netherlands -- UK -- An analysis of 2007 in more detail -- Appendices
520 _aExamines the reasons for, and scale of, variations between sale prices and valuations for commercial property in the UK, France, Germany and the Netherlands. Finds that the proportion of sale prices that fell above preceding Market Adjusted Valuations ranged from 58% in the UK to 78% in the Netherlands. Germany registered an average close to that of the Netherlands, with 76% of assets sold, while French results fell midway between this rate and that of the UK, at 69%.
590 _aKA NTK
651 4 _aUnited Kingdom
_y
651 4 _aFrance
651 4 _aGermany
_y1990-
651 4 _aNetherlands
690 _aPROPERTY-PROPERTY APPRAISAL AND VALUATION
710 1 _aRoyal Institution of Chartered Surveyors
_94900
856 4 0 _uhttps://www.rics.org/Global/Downloads/430_Valuation_And_Sale_Pricefinal.pdf
_zView this report free of charge at www.rics.org...
942 _n0
999 _c108899
_d108899